Build a room alarm : (Record no. 6081)

MARC details
000 -LEADER
fixed length control field 01100nam a22003137a 4500
001 - CONTROL NUMBER
control field 6081
003 - CONTROL NUMBER IDENTIFIER
control field FISKH
005 - DATE AND TIME OF LATEST TRANSACTION
control field 20250820091112.0
008 - FIXED-LENGTH DATA ELEMENTS--GENERAL INFORMATION
fixed length control field 250307b cb ||||| |||| 00| 0 eng d
020 ## - INTERNATIONAL STANDARD BOOK NUMBER
International Standard Book Number 0439444322
040 ## - CATALOGING SOURCE
Original cataloging agency FISKH
Language of cataloging eng
Transcribing agency FISKH
Modifying agency FISKH
050 ## - LIBRARY OF CONGRESS CALL NUMBER
Classification number TK9965 .M26
082 ## - DEWEY DECIMAL CLASSIFICATION NUMBER
Classification number 537
100 ## - MAIN ENTRY--PERSONAL NAME
Personal name Markle, Sandra
Dates associated with a name (1946-)
245 ## - TITLE STATEMENT
Title Build a room alarm :
Remainder of title And 16 more electrifying project /
Statement of responsibility, etc. By Sandra Markle ; Illustrated by Eric Brace
250 ## - EDITION STATEMENT
Edition statement This edition first published in 2003
260 ## - PUBLICATION, DISTRIBUTION, ETC.
Place of publication, distribution, etc. New York :
Name of publisher, distributor, etc. Scholastic,
Date of publication, distribution, etc. 2003
300 ## - PHYSICAL DESCRIPTION
Extent 64 pages :
Other physical details illustrations ;
Dimensions 20 cm
490 ## - SERIES STATEMENT
Series statement Science dares you!
505 ## - FORMATTED CONTENTS NOTE
Formatted contents note W<br/>
520 ## - SUMMARY, ETC.
Summary, etc. Get Charged Up with this book of 16 exciting electricity experiments. Learn all about what electricity is and how it works. Then put your new know-how to the test with these fun science challenges.<br/>
521 8# - TARGET AUDIENCE NOTE
Target audience note 880<br/>
Source Lexile<br/>
521 8# - TARGET AUDIENCE NOTE
Target audience note W<br/>
Source Raz-Plus<br/>
650 ## - SUBJECT ADDED ENTRY--TOPICAL TERM
Source of heading or term Experiments
Topical term or geographic name entry element Non-fiction
650 ## - SUBJECT ADDED ENTRY--TOPICAL TERM
Source of heading or term Informational
Topical term or geographic name entry element Science
700 ## - ADDED ENTRY--PERSONAL NAME
Personal name Brace, Eric
Dates associated with a name illustrator
942 ## - ADDED ENTRY ELEMENTS (KOHA)
Source of classification or shelving scheme Dewey Decimal Classification
Koha item type Books
Suppress in OPAC No
Holdings
Withdrawn status Lost status Source of classification or shelving scheme Damaged status Not for loan Collection Home library Current library Shelving location Date acquired Total Checkouts Full call number Barcode Date last seen Copy number Price effective from Koha item type
    Dewey Decimal Classification     Non-Fiction Footprints International School Library Network Toul Tom Poung Campus Footprints International School Library Network Toul Tom Poung Campus TTP Secondary Non-Fiction Bookshelves 03/07/2025   MAR 537 TK9965 .M26 2025-0753 03/07/2025 1 03/07/2025 Books
    Dewey Decimal Classification     Non-Fiction Footprints International School Library Network Toul Tom Poung Campus Footprints International School Library Network Toul Tom Poung Campus TTP Secondary Non-Fiction Bookshelves 08/20/2025   MAR 537 TK9965 .M26 FISSE01129 08/20/2025 2 08/20/2025 Books